LIBRARY ONLINE CATALOGUE

How to be a great communicator : (Record no. 5970)

MARC details
000 -LEADER
fixed length control field 00602cam a22002052 4500
001 - CONTROL NUMBER
control field 0000002685
005 - DATE AND TIME OF LATEST TRANSACTION
control field 20151217151902.0
008 - FIXED-LENGTH DATA ELEMENTS--GENERAL INFORMATION
fixed length control field 070418s xx 000 0 eng d
020 ## - INTERNATIONAL STANDARD BOOK NUMBER
International Standard Book Number 0471163147 :
Terms of availability GBP12.99
040 ## - CATALOGING SOURCE
Original cataloging agency KABU
Transcribing agency KABU
050 #0 - LIBRARY OF CONGRESS CALL NUMBER
Classification number PN421
Item number .Q34
100 1# - MAIN ENTRY--PERSONAL NAME
Personal name Qubein, Nido R.
-- 0000152160
245 10 - TITLE STATEMENT
Title How to be a great communicator :
Remainder of title in person, on paper and on the podium.
260 ## - PUBLICATION, DISTRIBUTION, ETC. (IMPRINT)
Place of publication, distribution, etc. New York :
Name of publisher, distributor, etc. J. Wiley,
Date of publication, distribution, etc. 1997.
300 ## - PHYSICAL DESCRIPTION
Extent xiv, 249 p.
650 #0 - SUBJECT ADDED ENTRY--TOPICAL TERM
Topical term or geographic name as entry element Public speaking.
-- 0000152161
908 ## - PUT COMMAND PARAMETER (RLIN)
Put command parameter 070418
950 ## - LOCAL HOLDINGS (RLIN)
-- 1
Holdings
Withdrawn status Lost status Source of classification or shelving scheme Not for loan Home library Current library Date acquired Total Checkouts Full call number Barcode Date last seen Price effective from Koha item type
    Library of Congress Classification   Kabarak, Main Campus Kabarak, Main Campus 17/12/2015   PN421 .Q34 004315 17/12/2015 17/12/2015 General Collection